header

Insurgency and social disorder in Guizhou (Record no. 1808)

MARC details
000 -LEADER
fixed length control field 01273nam a2200313 a 4500
082 04 - DEWEY DECIMAL CLASSIFICATION NUMBER
Classification number 951/.03
100 1# - MAIN ENTRY--AUTHOR NAME
Personal name Jenks, Robert Darrah.
245 10 - TITLE STATEMENT
Title Insurgency and social disorder in Guizhou
260 ## - PUBLICATION, DISTRIBUTION, ETC. (IMPRINT)
Place of publication Honolulu :
Name of publisher University of Hawaii Press,
Year of publication c1994.
300 ## - PHYSICAL DESCRIPTION
Number of Pages xi, 227 p. :
Other physical details maps.
650 #0 - SUBJECT ADDED ENTRY--TOPICAL TERM
Topical Term Hmong (Asian people)
856 40 - ELECTRONIC LOCATION AND ACCESS
Uniform Resource Identifier http://site.ebrary.com/lib/rucke/Doc?id=5003142

No items available.

© 2026 Rongo University
Contact us: librarian | system librarian | Rongo university